000 01063cam a2200277 a 4500
001 000006983
005 20240306073909.0
008 970505s1996 mx a b f001 0bspa d
020 _a9682987849
040 _aDO-SdBNP
_cEMU
_dUPB
_dBNPHU
_dDLC
082 _a923.2
_bM375he
100 1 _aHerrera Franyutti, Alfonso.
_919416
245 1 0 _aMartí en México :
_brecuerdos de una epoca /
_cAlfonso Herrera Franyutti ; prólogo, Pedro Pablo Rodríguez.
250 _a[2. ed.], 1. ed. en Sello Bermejo.
260 _aMéxico, D.F. :
_bConsejo Nacional para la Cultura y las Artes,
_c1996.
300 _a339 p. :
_bil. ;
_c21 cm.
440 0 _aSello Bermejo
_99986
500 _aErrata slip inserted.
504 _aIncluye referencias bibliográficas.
600 1 0 _aMartí, José,
_d1853-1895
_9645
650 4 _aRefugiados políticos
_zMéxico
_919417
650 4 _aRefugiados políticos
_zCuba
_919418
650 4 _aAutores cubanos
_xBiografía
_ySIGLO XIX
_919419
651 4 _aCuba
_xHistoria
_xLucha De La Revolución
_919420
910 _aCatalogación por copia / LC
999 _c6767
_d6767